[Event "Stay Safe Play From Home 210"]
[Site "T#646654Emanuel Laske"]
[Date "2020.06.08"]
[Round "4"]
[White "Mepe_Nika"]
[Black "Weltszmerc"]
[Result "0-1"]
[WhiteElo "2339"]
[BlackElo "2128"]
[Annotator "TA"]
[PlyCount "176"]
[EventDate "2020.06.08"]
[EventType "swiss (blitz)"]

{[%evp 9,175,24,45,26,64,31,93,-33,-10,-12,-8,-14,-15,-15,69,14,23,0,5,-8,-5,-4,-11,-19,0,-25,-14,-10,-12,-27,-27,-75,0,0,9,0,10,7,0,0,0,-229,-247,-220,-214,-214,-82,-166,-162,-154,-160,-149,-144,-257,-250,-416,-266,-264,-262,-471,-471,-457,-430,-1699,-285,-330,-330,-315,-263,-212,-159,-486,-486,-486,-19,-19,-33,-1319,-19,-2348,-19,-19,-19,-19,-19,-2152,-19,-12843,-12843,-12843,-2665,-2152,-19,-19,-19,-12835,0,-19,0,-12833,-19,-19,-19,-19,-19,-19,-19,-19,-19,-19,-19,-19,-19,-12843,-12843,-12845,-19,-19,-19,-19,-19,-19,-19,-19,-19,-19,-19,-19,-19,-19,0,-19,-19,-19,-19,-12848,-19,-29993,-29994,-29994,-12850,-29995,-12850,-12851,-29996,-29995,-27999,-27999,-27999,-27999,-27999,-27998,-27988,-27999,-27998,-27999,-27998,-27999,-27998,-27999,-27998,-27999,-27998,-27999,-27998,-27999,-27999,-27999]} 1. d4 b6 2. e4 Bb7 3. Nc3 e6 4. Bd3 Nf6 5. Nge2 d5 {[%cal Rd5e4]} 6. e5 {B00: Queen's Fianchetto Defence, Nimzowitsch Defence.} Nfd7 7. O-O (7. Nf4 $5 {[%cal Rf4e6]} Qe7 8. O-O $14) 7... c5 {[#]} (7... Nc6 $14) 8. Bb5 $146 (8. Nf4 $16 Qc8 9. Nxe6 fxe6 10. Qh5+ Kd8 11. Bg5+ Kc7 12. Nb5+ Kc6 13. Qf7 Nxe5 14. dxe5) ({Predecessor:} 8. Nf4 g6 9. Qg4 Be7 10. Nxe6 fxe6 11. Bxg6+ hxg6 12. Qxg6+ Kf8 13. Bh6+ Rxh6 14. Qxh6+ {1-0 (25) Zapata,A (2543)-Rodriguez Vila,A (2479) Santos 2003}) 8... cxd4 9. Nxd4 a6 10. Bxd7+ Nxd7 11. f4 b5 (11... Bc5 $11) 12. Nce2 (12. f5 $14 Bc5 13. fxe6 fxe6 14. Kh1 Bxd4 15. Qxd4) 12... Bc5 13. c3 O-O 14. a3 f6 $36 {[%mdl 2048] Black has the initiative.} 15. Kh1 Qe7 16. exf6 Nxf6 17. Qd3 Ne4 {Hoping for ...e5.} 18. Be3 e5 19. fxe5 Qxe5 20. Nf3 Qe7 (20... Qf5 $1 $17 21. Bxc5 Ng3+ 22. hxg3 Qxd3) 21. Bxc5 $11 Qxc5 22. Qd4 Qc4 23. Rae1 Rf6 24. Ng3 Raf8 25. Nxe4 $2 (25. Kg1 $11) 25... Qxd4 $1 $19 ({Don't do} 25... dxe4 26. Qxc4+ bxc4 27. Nd2 $17) 26. cxd4 dxe4 27. Nd2 Rxf1+ (27... Rf2 $1 $19 {[%cal Rf2d2] has better winning chances.} 28. Rxf2 Rxf2) 28. Rxf1 {[%mdl 4096] Endgame KRB-KRN} (28. Nxf1 $17 Rf2 29. b4) 28... e3 {( -> ...Rxf1+)} 29. Nf3 Bxf3 30. gxf3 $17 {KR-KR} Rf4 31. Re1 (31. Kg2 $17) 31... Rxf3 $19 ({Weaker is} 31... Rxd4 32. Rxe3 Rd2 33. Re8+ Kf7 34. Ra8 $15) 32. Re2 $2 (32. Kg2 {is a better defense.} Rf2+ {[%mdl 64] Double Attack} 33. Kh3) 32... Rf2 33. Rxe3 ({And not} 33. Rxf2 exf2 34. Kg2 Kf7 $17) 33... Rxb2 34. Re6 $2 (34. d5) 34... a5 35. Ra6 a4 36. Rb6 {[#]} (36. Ra7 $142 h6 37. Kg1) 36... Rd2 $2 (36... b4 $1 {[%mdl 512]} 37. axb4 a3 38. Rb8+ Kf7) 37. Rxb5 Rxd4 38. Ra5 Kf7 39. Kg2 Kg6 40. h3 $2 (40. Kf1 $17 {is tougher.}) 40... Kh6 41. Ra7 g5 $2 (41... g6 $19 {...g5 is the strong threat.} 42. Ra6 Kh5) 42. Ra5 Kh5 43. Ra6 $2 {[%mdl 8192]} (43. Ra7 $15) 43... h6 $2 (43... Rd2+ $19 44. Kg1 Rd3) 44. Ra5 $2 {[%mdl 8192]} (44. Kg3 $11 Rd3+ {[%mdl 64] Double Attack} 45. Kf2) 44... Rf4 $2 (44... Kh4 $1 $19 45. Rc5 Rd2+ 46. Kf1 Kxh3 47. Rc3+ Kg4 48. Rc4+ Kf3 49. Rc3+ Kf4) 45. Ra6 $11 Rc4 {White must now prevent ...Rc2+.} 46. Kh2 Rc2+ 47. Kg1 $2 {[%mdl 8192]} (47. Kg3 $11) 47... Rc3 $2 ({Black should play} 47... Kh4 $1 $19 48. Rxh6+ Kg3) 48. Ra5 $2 {[%mdl 8192]} (48. Kh2 $11) 48... Rxa3 $19 49. Kg2 Ra2+ (49... Kh4 $142 50. Rc5 Rg3+ 51. Kh2 Rxh3+ 52. Kg1 Rg3+ 53. Kf2 Kh3) 50. Kg3 a3 $2 (50... Kg6 $1 $19 {[%cal Rg6h5]} 51. Ra8 Ra3+ 52. Kg2 Ra2+ 53. Kf3 Ra3+ 54. Kg2 h5 55. Rg8+ Kf6) 51. Ra6 $11 Ra1 {Threatens to win with ...a2.} 52. Kg2 $2 {[%mdl 8192] [#]} (52. Kf3 $11 a2 53. Kg2) 52... Ra2+ $2 ({Black should try} 52... g4 $1 $19 {[%cal Rg4h3]} 53. h4 {[%mdl 64] Decoy} Kxh4 54. Rxh6+ Kg5) 53. Kg3 $1 Ra1 $2 {[%mdl 8192]} (53... Rc2 $11 54. Rxa3 Rb2) 54. Kg2 $19 {[#]} a2 $2 (54... g4 $1 $19 {[%cal Rg4h3]} 55. h4 a2) 55. Ra5 $11 Kg6 56. Ra4 Kf5 57. Ra6 h5 58. Ra5+ Kf4 59. Ra4+ Ke3 60. Ra3+ Kd2 61. Ra5 $2 {[%mdl 8192]} (61. Ra7 $11 Kc2 62. Ra8) 61... Kc3 $19 62. Ra8 Kc2 $2 (62... Rd1 $19 63. Rxa2 Rd2+ 64. Rxd2 Kxd2) 63. Rc8+ $11 Kb3 64. Rb8+ Kc4 65. Rc8+ Kb5 66. Rb8+ Ka5 {aiming for ...Rg1+!} 67. Ra8+ Kb4 68. Rb8+ Ka3 69. Ra8+ Kb4 70. Rb8+ Kc5 71. Ra8 Kd6 72. Rc8 $2 {[%mdl 8192] White is on the road to losing.} (72. Ra5 $11 g4 73. hxg4 hxg4 74. Ra8) 72... Kd7 $2 ({Better is} 72... Rb1 $19 73. Ra8 a1=Q 74. Rxa1 Rxa1 75. Kf3 Ra3+ 76. Kf2 Rxh3 77. Kf1 Rh2 78. Kg1 Re2 79. Kh1 g4 80. Kg1 Ra2 81. Kf1 h4 82. Ke1 h3 83. Kf1 h2 84. Ke1 h1=Q#) 73. Rd8+ $2 {[%mdl 8192]} (73. Ra8 $11 Ke6 74. Ra6+ Kd5 75. Ra7) 73... Kxd8 {KR-KP} 74. h4 Rb1 (74... g4 $142 75. Kf2 Rd1 76. Kg3 a1=Q 77. Kf4 Qf6+ {[%mdl 64] Double Attack} 78. Kg3 Qf3+ 79. Kh2 Qh3#) 75. Kg3 Rb2 (75... Rb3+ $142 76. Kh2 a1=Q 77. hxg5 Qa2+ 78. Kh1 Rb1#) 76. hxg5 $19 a1=Q 77. Kh4 {Black mates.} Qa6 78. Kxh5 Qe6 79. g6 Rh2+ 80. Kg5 {[#]} Qxg6+ $1 81. Kf4 (81. Kxg6 Rf2) 81... Rg2 82. Ke3 Rg4 83. Kf3 Qf5+ 84. Ke2 Qf4 85. Ke1 Rg3 86. Ke2 Qh4 87. Ke1 Qh2 88. Kd1 Rg1# {Accuracy: White = 48%, Black = 53%.} 0-1

[Event "Stay Safe Play From Home 210"]
[Site "T#646654Emanuel Laske"]
[Date "2020.06.08"]
[Round "4"]
[White "SoulofWolf"]
[Black "Little champs"]
[Result "0-1"]
[WhiteElo "2091"]
[BlackElo "2039"]
[Annotator "TA"]
[PlyCount "112"]
[EventDate "2020.06.08"]
[EventType "swiss (blitz)"]

{[%evp 9,112,-11,-8,-14,-15,-12,-8,-16,-6,-7,8,8,31,38,48,16,68,22,22,27,37,-150,18,-127,19,-13,83,-39,62,-45,-45,-93,-103,-185,-178,-224,-172,-152,-144,-250,-121,-305,-231,-401,-302,-305,-322,-310,-306,-347,-330,-329,-301,-307,-290,-285,-305,-342,-319,-332,-299,-362,-220,-225,-184,-207,-183,-177,-79,-49,-53,-113,-48,-626,-844,-1045,-1011,-7312,-5427,-6580,-7116,-4134,-1792,-12796,-6303,-29960,-29957,-29964,-29967,-6436,-5447,-29976,-29975,-29983,-29984,-29985,-29981,-29982,-29978,-29978,-29979,-29979,-29980,-29979,-29977]} 1. b3 e6 2. c4 d5 3. e3 Nf6 4. Bb2 Be7 5. f4 O-O 6. Nf3 {A13: English Opening: 1...e6.} b6 {[#]} 7. d4 $146 ({Predecessor:} 7. Be2 c5 8. O-O Nc6 9. Ne5 Bb7 10. d3 Nxe5 11. fxe5 Nd7 12. Bf3 Qc7 13. d4 dxc4 14. Bxb7 Qxb7 15. bxc4 {½-½ (33) Martins,K (1958)-Beer,S (1936) IECC email 2017}) 7... Bb7 8. Nbd2 {The position is equal.} Nbd7 9. Bd3 Ng4 10. Qe2 c5 11. O-O Rc8 12. Rac1 h6 (12... cxd4 $11 13. exd4 (13. Nxd4 Ngf6 $11) 13... dxc4 14. Rxc4 Ngf6) 13. h3 Ngf6 14. Ne5 Ne4 15. Ndf3 $2 (15. Nxd7 $14 {stays ahead.} Qxd7 16. dxc5) 15... f6 $2 (15... Ng3 $17 16. Qc2 Nxf1 17. Rxf1 cxd4 18. exd4 Nf6) 16. Ng4 (16. Ng6 $11 {keeps the balance.}) 16... Bd6 (16... f5 $17 17. Nge5 Ng3 {[%mdl 64] Double Attack}) 17. Qe1 Qe7 {[#]} (17... h5 $11 {remains equal.} 18. Ngh2 cxd4 19. Bxe4 dxe4 20. Nxd4 Nc5) 18. Rc2 ({White should try} 18. Bxe4 $1 $16 {Strongly threatening cxd5.} dxe4 19. Nh4) 18... a5 (18... Rfd8 $15) 19. a4 (19. Nh4 $14) 19... cxd4 $15 20. Nxd4 Ndc5 {[%cal Bd7c5,Bc5e4,Be4g3][%mdl 32]} 21. Bxe4 (21. Be2 $17) 21... Nxe4 $19 22. f5 e5 23. Ne6 Rf7 $36 {[%mdl 2048] Black is in control.} 24. Qc1 (24. Qh4 $17) 24... h5 (24... dxc4 $19 {is more deadly.} 25. Kh2 Bb4 26. Rxc4 Rxc4 27. bxc4 Nc5) 25. Nh2 $2 (25. cxd5 $17 Rxc2 26. Qxc2) 25... Ng3 {...dxc4 is the strong threat.} 26. Re1 $2 (26. Rf3 {might work better.} e4 27. Rxg3 Bxg3 28. Nf1) 26... Nxf5 27. cxd5 Rxc2 28. Qxc2 Bxd5 29. Qxf5 Bxe6 30. Qxh5 Bxb3 31. Qg6 Bxa4 32. Ng4 Kf8 33. Rc1 Bd7 34. Nf2 f5 35. Nd3 Qf6 36. Qg3 {[%cal Rb2e5]} e4 37. Qf2 Qe6 38. Nf4 {[#]} Bxf4 (38... Qh6 $1 $19 {and Black stays clearly on top. And now ...g5 would win.} 39. Qd2 Kg8) 39. Qxf4 $17 Kg8 40. Qg5 {Black continues to play with concentration.} (40. Bd4 $15) 40... f4 ({Black should play} 40... Qe7 $17 41. Qg6 b5) 41. Qh5 $2 {[%mdl 8192]} (41. exf4 $15 b5 42. Qd8+ {[%mdl 64] Double Attack} Qe8 43. Qxa5) 41... f3 $19 42. Rf1 fxg2 43. Kxg2 Rxf1 44. Kxf1 Qxh3+ 45. Qxh3 Bxh3+ {[%mdl 4096] Endgame KB-KB} 46. Ke2 Kf7 47. Bd4 b5 {[%cal Bb6b5,Bb5b4][%mdl 32]} 48. Bc5 Ke6 49. Kd2 Kd5 50. Bf8 g5 {Black mates.} 51. Kc3 b4+ 52. Kb3 Kc6 53. Bh6 Kb5 54. Bxg5 a4+ {[%cal Ba5a4,Ba4a3][%mdl 32]} 55. Kb2 a3+ 56. Kb1 Kc4 {Accuracy: White = 34%, Black = 62%.} 0-1

[Event "Stay Safe Play From Home 210"]
[Site "T#646654Emanuel Laske"]
[Date "2020.06.08"]
[Round "4"]
[White "Lazieri3"]
[Black "Lucknow"]
[Result "1-0"]
[WhiteElo "2066"]
[BlackElo "1723"]
[Annotator "TA"]
[PlyCount "43"]
[EventDate "2020.06.08"]
[EventType "swiss (blitz)"]

{[%evp 9,43,-1,0,-17,-23,-10,-6,-28,34,43,108,89,116,110,139,122,166,177,171,171,171,167,181,173,182,158,163,157,241,232,374,334,332,332,658,663]} 1. e4 c5 2. Nc3 d6 3. d3 Nf6 4. Nf3 g6 5. Be3 Bg7 6. Qd2 {B50: Sicilian: 2...d6, Miscellaneous.} O-O 7. Bh6 Nc6 8. h4 {[#] The position is equal.} Qa5 $146 (8... Bg4 $11) ({Predecessor:} 8... Bg4 9. Be2 a6 10. Nd5 Nxd5 11. exd5 Na7 12. h5 e6 13. hxg6 Qf6 14. Bxg7 Qxg7 15. Rxh7 Qxg6 16. Rh6 Qg7 17. O-O-O Bf5 18. dxe6 fxe6 19. Rdh1 {1-0 (19) Pulido,D (2011)-Velasco,L (1664) Ibague 2017}) 9. h5 $14 {Black must now prevent hxg6.} Nd4 (9... Bxh6 $14 10. Qxh6 Ng4) 10. hxg6 $16 fxg6 {And now ...Bxh6 would win.} 11. Bxg7 Kxg7 {[#]} 12. Qh6+ $1 Kg8 {[#]} 13. Ng5 $1 {[%cal Rg5h7]} Rf7 ({Don't go for} 13... Nxc2+ $2 14. Kd2 $18) 14. Nxf7 Kxf7 15. Qd2 Be6 16. Be2 Rf8 17. Bf3 Kg8 18. a3 Nxf3+ (18... Bg4 $16 {might work better.}) 19. gxf3 $18 Nh5 {[#]} (19... b5 {is a better defense.} 20. Ke2 Qb6) 20. Rxh5 $1 {[%mdl 512]} gxh5 21. Qg5+ {[%mdl 64] Double Attack} Kh8 $2 (21... Kf7 22. Qxh5+ {[%mdl 64] Double Attack} Kg8) 22. Qxe7 {[%mdl 64] Double Attack. Black did not feel at home in the position after the opening. Accuracy: White = 100%, Black = 40%.} 1-0

[Event "Stay Safe Play From Home 210"]
[Site "T#646654Emanuel Laske"]
[Date "2020.06.08"]
[Round "4"]
[White "Greblah"]
[Black "Dukic"]
[Result "1-0"]
[WhiteElo "2021"]
[BlackElo "1865"]
[Annotator "TA"]
[PlyCount "91"]
[EventDate "2020.06.08"]
[EventType "swiss (blitz)"]

{[%evp 9,91,-21,16,4,14,15,18,6,25,32,22,22,29,0,93,106,72,71,145,148,167,8,19,8,0,10,6,16,58,50,125,125,125,125,129,124,201,218,216,137,214,133,137,58,129,135,141,124,276,242,224,180,188,181,181,122,231,225,216,206,249,237,214,202,214,170,154,165,177,170,172,166,164,134,145,141,133,108,113,95,147,127,113,31]} 1. e4 c6 2. d4 d6 3. Nd2 Nd7 {[#]} 4. Ndf3 $146 ({Predecessor:} 4. Ngf3 h6 5. Bd3 g5 6. Nf1 Bg7 7. c3 Nf8 8. Ne3 Nf6 9. Nf5 Bxf5 10. exf5 g4 {0-1 (32) Toczek,G (2271)-Uvarov,A chess.com INT 2020}) 4... e5 5. Bc4 Be7 6. Ne2 {B12: Caro-Kann: Advance Variation.} Ngf6 7. Ng3 O-O 8. O-O {The position is equal.} g6 9. Bh6 Re8 10. Ng5 d5 11. exd5 (11. Bb3 {is interesting.} exd4 12. exd5 cxd5 13. Qxd4 Nc5 14. c3) 11... Nb6 (11... cxd5 $11 12. Bb3 Nb6) 12. dxe5 $16 Nfxd5 13. Bxd5 Bxg5 ({Black should play} 13... Qxd5 14. Re1 Qxd1 15. Raxd1 Na4) 14. Bxg5 Qxg5 15. Bb3 $2 {[#]} (15. f4 $18 Qh4 16. Bb3) 15... Qxe5 $11 16. Re1 Qxe1+ 17. Qxe1 Rxe1+ 18. Rxe1 Kf8 19. Ne4 Be6 (19... a5 $14) 20. Bxe6 $16 fxe6 {[%mdl 4096] Endgame KRN-KRN} 21. Nc5 Nc4 22. Nxe6+ Kf7 (22... Kg8 $16) 23. Ng5+ $18 Kg8 24. b3 Na3 (24... Nd6 $16 {was worth a try.} 25. f3 Rd8) 25. c4 Rd8 26. Nf3 (26. h3 $16) 26... b5 (26... Nc2 $14 27. Rb1 Nd4) 27. cxb5 $16 cxb5 28. h4 h6 $2 (28... Nc2 $16 {was called for.}) 29. Re7 a5 30. Ne5 g5 31. hxg5 hxg5 32. Nd7 (32. Ra7 $18) 32... Rc8 (32... Nb1 $16) 33. Nf6+ $18 Kf8 {[#]} 34. Ra7 $1 Rc2 35. Rxa5 Rxa2 36. Ne4 g4 37. Nc3 Ra1+ 38. Kh2 b4 39. Nd5 Rb1 40. Nxb4 Rxb3 41. Nd5 Nc2 42. Ra8+ Kf7 43. Ra7+ Ke6 44. Nf4+ Kf5 (44... Kf6 $142) 45. Rf7+ Kg5 46. Nd5 {Accuracy: White = 62%, Black = 56%.} (46. Ne2 $16) 1-0

[Event "Stay Safe Play From Home 210"]
[Site "T#646654Emanuel Laske"]
[Date "2020.06.08"]
[Round "4"]
[White "Edmatuag"]
[Black "Sadbat1122"]
[Result "1-0"]
[WhiteElo "1722"]
[BlackElo "1587"]
[Annotator "NA"]
[PlyCount "45"]
[EventDate "2020.06.08"]
[EventType "swiss (blitz)"]

1. f4 {[%emt 0:00:01]} Nc6 {[%emt 0:00:02]} 2. Nf3 {[%emt 0:00:01]} d6 {[%emt 0:00:04]} 3. d4 {[%emt 0:00:01]} Nf6 {[%emt 0:00:06]} 4. d5 {[%emt 0:00:03]} Nb8 {[%emt 0:00:04]} 5. c4 {[%emt 0:00:01]} e6 {[%emt 0:00:02]} 6. Nc3 {[%emt 0:00:01]} exd5 {[%emt 0:00:02]} 7. cxd5 {[%emt 0:00:04]} Bf5 {[%emt 0:00:04]} 8. e4 {[%emt 0:00:08]} Nxe4 {[%emt 0:00:07]} 9. Nxe4 {[%emt 0:00:01]} Qe7 {[%emt 0:00:12]} 10. Bd3 {[%emt 0:00:12]} Nd7 {[%emt 0:00:03]} 11. Qe2 {[%emt 0:00:01]} O-O-O {[%emt 0:00:03]} 12. Nd4 {[%emt 0:00:10]} Bxe4 {[%emt 0:00:19]} 13. Bxe4 {[%emt 0:00:03]} Re8 {[%emt 0:00:03]} 14. Bf3 {[%emt 0:00:22]} Qd8 {[%emt 0:00:05]} 15. Be3 {[%emt 0:00:01]} c5 {[%emt 0:00:14]} 16. dxc6 {[%emt 0:00:02]} Qa5+ {[%emt 0:00:18]} 17. Kf2 {[%emt 0:00:05]} bxc6 {[%emt 0:00:11]} 18. Nxc6 {[%emt 0:00:04]} Qa4 {[%emt 0:00:14]} 19. Rhc1 {[%emt 0:00:03]} Nc5 {[%emt 0:00:04]} 20. b4 {[%emt 0:00:15]} Qa3 {[%emt 0:00:36]} 21. bxc5 {[%emt 0:00:05]} Be7 {[%emt 0:00:04]} 22. Nxe7+ {[%emt 0:00:02]} Rxe7 {[%emt 0:00:02]} 23. cxd6+ {[%emt 0:00:00] Time (Lag: Av=0.81s, max=1.0s)} 1-0

[Event "Stay Safe Play From Home 210"]
[Site "T#646654Emanuel Laske"]
[Date "2020.06.08"]
[Round "4"]
[White "JULIAN16"]
[Black "DrKHF"]
[Result "0-1"]
[WhiteElo "1681"]
[BlackElo "1675"]
[Annotator "NA"]
[PlyCount "64"]
[EventDate "2020.06.08"]
[EventType "swiss (blitz)"]

1. d4 {[%emt 0:00:02]} d6 {[%emt 0:00:00]} 2. c4 {[%emt 0:00:01]} Nf6 {[%emt 0:00:02]} 3. Nc3 {[%emt 0:00:00]} g6 {[%emt 0:00:02]} 4. e4 {[%emt 0:00:01]} Bg7 {[%emt 0:00:02]} 5. Nf3 {[%emt 0:00:00]} Bg4 {[%emt 0:00:02]} 6. Bg5 {[%emt 0:00:01]} c6 {[%emt 0:00:02]} 7. Be2 {[%emt 0:00:02]} Qc7 {[%emt 0:00:02]} 8. Qd2 {[%emt 0:00:03]} Nbd7 {[%emt 0:00:02]} 9. Bh6 {[%emt 0:00:02]} O-O {[%emt 0:00:02]} 10. O-O-O {[%emt 0:00:05]} e5 {[%emt 0:00:06]} 11. h3 {[%emt 0:00:08]} Bxf3 {[%emt 0:00:02]} 12. Bxf3 {[%emt 0:00:18]} Rfe8 {[%emt 0:00:02]} 13. d5 {[%emt 0:00:08]} c5 {[%emt 0:00:17]} 14. h4 {[%emt 0:00:03]} a6 {[%emt 0:00:02]} 15. h5 {[%emt 0:00:03]} Nf8 {[%emt 0:00:08]} 16. hxg6 {[%emt 0:00:02]} fxg6 {[%emt 0:00:02]} 17. Bxg7 {[%emt 0:00:08]} Qxg7 {[%emt 0:00:05]} 18. Rh2 {[%emt 0:00:05]} Rab8 {[%emt 0:00:02]} 19. Rdh1 {[%emt 0:00:07]} b5 {[%emt 0:00:03]} 20. cxb5 {[%emt 0:00:03]} axb5 {[%emt 0:00:02]} 21. Qg5 {[%emt 0:00:19]} b4 {[%emt 0:00:05]} 22. Ne2 {[%emt 0:00:03]} Ra8 {[%emt 0:00:01]} 23. Kc2 {[%emt 0:00:30]} c4 {[%emt 0:00:02]} 24. Bg4 {[%emt 0:00:03]} Nxg4 {[%emt 0:00:05]} 25. Qxg4 {[%emt 0:00:03]} Re7 {[%emt 0:00:04]} 26. f4 {[%emt 0:00:05]} exf4 {[%emt 0:00:07]} 27. Nxf4 {[%emt 0:00:13]} Rxa2 {[%emt 0:00:02]} 28. Rb1 {[%emt 0:00:04]} Rxe4 {[%emt 0:00:15]} 29. Qc8 {[%emt 0:00:11]} Rxf4 {[%emt 0:00:11]} 30. g3 {[%emt 0:00:03]} Rf3 {[%emt 0:00:10]} 31. Re2 {[%emt 0:00:02]} b3+ {[%emt 0:00:02]} 32. Kc1 {[%emt 0:00:02]} Qh6+ {[%emt 0:00:02] Tiempo (Lag: Av=0.67s, max=1.1s)} 0-1

[Event "Stay Safe Play From Home 210"]
[Site "T#646654Emanuel Laske"]
[Date "2020.06.08"]
[Round "4"]
[White "Fingerfehler1"]
[Black "Klausen"]
[Result "0-1"]
[WhiteElo "1617"]
[BlackElo "1966"]
[Annotator "TA"]
[PlyCount "46"]
[EventDate "2020.06.08"]
[EventType "swiss (blitz)"]

{[%evp 11,46,22,34,0,0,0,13,0,0,0,0,0,44,30,37,30,52,5,34,15,59,31,54,-368,-372,-413,-409,-446,-432,-459,-467,-555,-485,-876,-860,-862,-860]} 1. e4 e6 2. d4 d5 3. exd5 exd5 4. Bd3 Bd6 5. Nf3 Ne7 6. O-O O-O 7. c4 {C01: French: Exchange Variation.} dxc4 8. Bxc4 Bg4 9. Nc3 {The position is equal.} Nbc6 10. h3 Bxf3 11. Qxf3 {[#]} Rb8 $146 ({Predecessor:} 11... Nxd4 12. Qxb7 Nec6 13. Bd5 Rb8 14. Qa6 Nb4 15. Qa4 Nxd5 16. Qxd4 Nb4 17. Qxa7 Re8 {0-1 (45) Vlassov,N (2471)-Bagirov,R (2467) Moscow 2009}) 12. Be3 Qd7 13. Rad1 Nf5 14. Qg4 g6 15. Bd3 Nce7 16. d5 Rbd8 17. Bh6 $2 {[%mdl 8192] [#] This costs White the game.} (17. Bg5 $14 {stays ahead.}) 17... Nxh6 $19 18. Qf3 Nhf5 19. g4 Nd4 {Black is clearly winning.} 20. Qe4 c5 21. f4 Rfe8 {Strongly threatening ...Nef5.} 22. f5 (22. Qg2 $142) 22... Nexf5 {[%mdl 64] [#] Discovered Attack} 23. Qg2 Ne3 {[%mdl 64] Double Attack. Accuracy: White = 31%, Black = 76%.} 0-1

[Event "Stay Safe Play From Home 210"]
[Site "T#646654Emanuel Laske"]
[Date "2020.06.08"]
[Round "4"]
[White "Trotsky"]
[Black "Buzaglo"]
[Result "0-1"]
[WhiteElo "1608"]
[BlackElo "1771"]
[Annotator "NA RC"]
[PlyCount "54"]
[EventDate "2020.06.08"]
[EventType "swiss (blitz)"]

1. d4 {[%emt 0:00:06]} d5 {[%emt 0:00:01]} 2. e3 {[%emt 0:00:01]} Nf6 {[%emt 0:00:01]} 3. c4 {[%emt 0:00:01]} e6 {[%emt 0:00:01]} 4. Nc3 {[%emt 0:00:01]} c6 {[%emt 0:00:01]} 5. Nf3 {[%emt 0:00:01]} Be7 {[%emt 0:00:01]} 6. Qc2 {[%emt 0:00:01]} O-O {[%emt 0:00:00]} 7. Bd3 {[%emt 0:00:01]} dxc4 {[%emt 0:00:01]} 8. Bxc4 {[%emt 0:00:01]} b5 {[%emt 0:00:01]} 9. Bd3 {[%emt 0:00:01]} b4 {[%emt 0:00:01]} 10. Ne4 {[%emt 0:00:01]} Nbd7 {[%emt 0:00:03]} 11. Neg5 {[%emt 0:00:01]} h6 {[%emt 0:00:02]} 12. h4 {[%emt 0:00:01]} a5 {[%emt 0:00:10]} 13. e4 {[%emt 0:00:01]} Ba6 {[%emt 0:00:04]} 14. e5 {[%emt 0:00:02]} Ng4 {[%emt 0:00:09]} 15. Bh7+ {[%emt 0:00:01]} Kh8 {[%emt 0:00:02]} 16. Bg8 {[%emt 0:00:01]} f5 {[%emt 0:00:03]} 17. exf6 {[%emt 0:00:04]} Ngxf6 {[%emt 0:00:01]} 18. Nxe6 {[%emt 0:00:03]} Qc8 {[%emt 0:00:08]} 19. Qg6 {[%emt 0:00:02]} Rxg8 {[%emt 0:00:07]} 20. Neg5 {[%emt 0:00:03]} Rf8 {[%emt 0:00:13]} 21. Ne6 {[%emt 0:00:15]} Rg8 {[%emt 0:00:06]} 22. Nfg5 {[%emt 0:00:05]} Qe8 {[%emt 0:00:42]} 23. Nf7+ {[%emt 0:00:18]} Qxf7 {[%emt 0:00:01]} 24. Qxf7 {[%emt 0:00:01]} Bc4 {[%emt 0:00:06]} 25. b3 {[%emt 0:00:10]} Bd5 {[%emt 0:00:02]} 26. Qxe7 {[%emt 0:00:06]} Rae8 {[%emt 0:00:04]} 27. Qd6 {[%emt 0:00:16]} Rxe6+ {[%emt 0:00:02] Trotsky Ñäàåòñÿ (Lag: Av=0.46s, max=1.3s)} 0-1